[Event "Bad Woerishofen Seniors opA 22th"]
[Site "Bad Woerishofen"]
[Date "2006.03.24"]
[Round "8"]
[White "Knebel, Willi"]
[Black "Walther, Diethelm"]
[Result "1/2-1/2"]
[WhiteElo "1917"]
[BlackElo "2043"]
[PlyCount "42"]
[EventDate "2006.03.17"]
[EventType "swiss"]
[EventRounds "9"]
[EventCountry "GER"]
[SourceTitle "EXT 2022"]
[Source "ChessBase"]
[SourceDate "2021.10.06"]
[SourceVersion "1"]
[SourceVersionDate "2021.10.06"]
[SourceQuality "1"]

1. e4 c5 2. c3 d5 3. exd5 Qxd5 4. d4 Nc6 5. Nf3 Bg4 6. Be2 e6 7. c4 Qd7 8. d5 Bxf3 9. Bxf3 Nd4 10. 0-0 e5 11. Re1 Bd6 12. Bf4 Nxf3+ 13. Qxf3 f6 14. Nc3 Ne7 15. Bd2 0-0 16. Ne4 Nf5 17. Nxd6 Nxd6 18. Rac1 Rae8 19. b4 b6 20. Qa3 Rc8 21. bxc5 bxc5 1/2-1/2

[Event "Bad Woerishofen op 22nd"]
[Site "Bad Woerishofen"]
[Date "2006.03.19"]
[Round "3"]
[White "Koller, Hubert"]
[Black "Knebel, Willi"]
[Result "1-0"]
[WhiteElo "2113"]
[BlackElo "2068"]
[PlyCount "101"]
[EventDate "2006.03.17"]
[EventType "swiss"]
[EventRounds "9"]
[EventCountry "GER"]
[SourceTitle "CBM 111 Extra"]
[Source "ChessBase"]
[SourceDate "2006.05.09"]
[SourceVersion "1"]
[SourceVersionDate "2006.05.09"]
[SourceQuality "1"]

1. Nf3 g6 2. g3 Bg7 3. d4 c5 4. d5 d6 5. c4 Nf6 6. Nc3 0-0 7. Bg2 e6 8. 0-0 exd5 9. cxd5 Na6 10. Re1 Bd7 11. a4 Nb4 12. Nd2 a6 13. a5 Re8 14. Nc4 Qc7 15. Bf4 Bf8 16. Nb6 Rad8 17. Nxd7 Rxd7 18. e4 Nh5 19. Be3 Bg7 20. g4 Nf6 21. g5 Nh5 22. Ra4 Rde7 23. Bh3 Be5 24. Qd2 Qd8 25. Bg4 Ng7 26. f4 Bd4 27. Bxd4 cxd4 28. Ne2 d3 29. Nc3 Nc2 30. Rc1 b5 31. axb6 Qxb6+ 32. Kh1 Nb4 33. Bf3 Rb8 34. Na2 Nxa2 35. Rxa2 Qd4 36. Rc3 Reb7 37. Qxd3 Qf2 38. Qe2 Qh4 39. Qd2 Nh5 40. Bxh5 Qxh5 41. Qd3 Qg4 42. Qf3 Qd7 43. b3 Rb4 44. Rac2 Re8 45. Rc4 Rb7 46. Rc6 a5 47. Kg2 Qe7 48. R2c4 f6 49. gxf6 Qxf6 50. e5 Qf5 51. e6 1-0

[Event "Lipperland Seniors op 4th"]
[Site "Doerentrup"]
[Date "2005.05.29"]
[Round "4.9"]
[White "Josting, Friedel"]
[Black "Knebel, Willi"]
[Result "1-0"]
[WhiteElo "2018"]
[BlackElo "2072"]
[PlyCount "77"]
[EventDate "2005.05.26"]
[EventType "swiss"]
[EventRounds "9"]
[EventCountry "GER"]
[SourceTitle "EXT 2006"]
[Source "ChessBase"]
[SourceDate "2005.11.24"]
[SourceVersion "1"]
[SourceVersionDate "2005.11.24"]
[SourceQuality "1"]

1. d4 Nf6 2. Bg5 c5 3. d5 d6 4. c4 g6 5. Nc3 Bg7 6. Nf3 0-0 7. e4 e6 8. Be2 exd5 9. cxd5 Re8 10. Nd2 a6 11. a4 Qc7 12. 0-0 b6 13. f4 Nbd7 14. Qe1 h6 15. Bh4 Nf8 16. h3 Bd7 17. Kh1 Kh8 18. Qf2 N6h7 19. f5 g5 20. Bg3 Nf6 21. h4 g4 22. Nc4 Nh5 23. Bxg4 Nxg3+ 24. Qxg3 Be5 25. Nxe5 Rxe5 26. f6 Ng6 27. h5 Rg5 28. hxg6 Bxg4 29. g7+ Kg8 30. Rf4 Bh5 31. Qh2 Bg6 32. Rh4 h5 33. Qf4 Re5 34. Qh6 Bh7 35. Rxh5 Rxh5+ 36. Qxh5 Re8 37. Rf1 Re5 38. Qh4 Qd7 39. Rf3 1-0

[Event "Lipperland Seniors op 4th"]
[Site "Doerentrup"]
[Date "2005.05.26"]
[Round "1.11"]
[White "Knebel, Willi"]
[Black "Miessner, Rolf"]
[Result "1/2-1/2"]
[WhiteElo "2072"]
[BlackElo "1755"]
[PlyCount "42"]
[EventDate "2005.05.26"]
[EventType "swiss"]
[EventRounds "9"]
[EventCountry "GER"]
[SourceTitle "EXT 2006"]
[Source "ChessBase"]
[SourceDate "2005.11.24"]
[SourceVersion "1"]
[SourceVersionDate "2005.11.24"]
[SourceQuality "1"]

1. d4 Nf6 2. Nc3 d5 3. Bg5 e6 4. e4 dxe4 5. Nxe4 Be7 6. Bxf6 Bxf6 7. Nf3 Nd7 8. Bd3 b6 9. 0-0 0-0 10. Qe2 Bb7 11. Rfd1 Qe7 12. Rac1 Rfd8 13. c4 c5 14. d5 exd5 15. cxd5 Re8 16. Bb5 Rad8 17. Nxf6+ Qxf6 18. Qd3 Re7 19. Ba6 Ne5 20. Nxe5 Bxa6 21. Qxa6 Qxe5 1/2-1/2

[Event "Bad Woerishofen Seniors op 21st"]
[Site "Bad Woerishofen"]
[Date "2005.03.10"]
[Round "8"]
[White "Knebel, Willi"]
[Black "Villing, Dieter"]
[Result "1-0"]
[WhiteElo "1937"]
[BlackElo "2163"]
[PlyCount "93"]
[EventDate "2005.03.03"]
[EventType "swiss"]
[EventRounds "9"]
[EventCountry "GER"]
[SourceTitle "EXT 2006"]
[Source "ChessBase"]
[SourceDate "2005.11.24"]
[SourceVersion "1"]
[SourceVersionDate "2005.11.24"]
[SourceQuality "1"]

1. e4 d6 2. d4 Nf6 3. Nc3 c6 4. Bd3 e5 5. dxe5 dxe5 6. Nf3 Nbd7 7. 0-0 Be7 8. Kh1 0-0 9. Qe2 Qc7 10. Bg5 Re8 11. Rae1 Nc5 12. Nd2 Ne6 13. Be3 Bc5 14. Bxc5 Nxc5 15. Bc4 b5 16. Qe3 Qe7 17. Be2 Ne6 18. g3 Nd4 19. Bd1 Bh3 20. Rg1 Rad8 21. g4 Bxg4 22. Bxg4 Nxg4 23. Rxg4 f5 24. exf5 Nxc2 25. Qe2 Nxe1 26. Qxe1 Qd7 27. Nce4 Qxf5 28. Qg1 g6 29. Rg5 Qf7 30. Qc1 Qd5 31. f3 Rf8 32. Kg2 Kg7 33. Qc3 Rf5 34. Rg4 Rd7 35. Nf1 Qd1 36. Nfg3 Kf7 37. Nxf5 gxf5 38. Nf2 Qd2 39. Rh4 Qg5+ 40. Kh3 Re7 41. Rxh7+ Kg6 42. Rxe7 Qxe7 43. Qxc6+ Kg5 44. Qxb5 Kf4 45. Nd3+ Kxf3 46. Nxe5+ Ke4 47. Qe2+ 1-0

[Event "Bad Woerishofen Seniors op 21st"]
[Site "Bad Woerishofen"]
[Date "2005.03.06"]
[Round "4"]
[White "Knebel, Willi"]
[Black "Richter, Helmut"]
[Result "1-0"]
[WhiteElo "1937"]
[BlackElo "1692"]
[PlyCount "57"]
[EventDate "2005.03.03"]
[EventType "swiss"]
[EventRounds "9"]
[EventCountry "GER"]
[SourceTitle "EXT 2006"]
[Source "ChessBase"]
[SourceDate "2005.11.24"]
[SourceVersion "1"]
[SourceVersionDate "2005.11.24"]
[SourceQuality "1"]

1. e4 c5 2. c3 Nf6 3. e5 Nd5 4. d4 cxd4 5. Nf3 Nc6 6. cxd4 d6 7. exd6 Qxd6 8. Nc3 Nxc3 9. bxc3 Bg4 10. Rb1 Qc7 11. Be2 e6 12. 0-0 Bd6 13. h3 Bxf3 14. Bxf3 0-0 15. c4 Rfd8 16. Be3 Rab8 17. d5 Ne5 18. Bxa7 Nxf3+ 19. Qxf3 Qxc4 20. Bxb8 Bxb8 21. Rxb7 Rf8 22. Rfb1 Bd6 23. Rd7 Be5 24. Re1 Bf6 25. dxe6 fxe6 26. Qb3 Qxb3 27. axb3 e5 28. b4 Rb8 29. Rb1 1-0

[Event "Bad Woerishofen Seniors op 21st"]
[Site "Bad Woerishofen"]
[Date "2005.03.05"]
[Round "3"]
[White "Gehrmann, Dorit"]
[Black "Knebel, Willi"]
[Result "0-1"]
[WhiteElo "1890"]
[BlackElo "1937"]
[PlyCount "76"]
[EventDate "2005.03.03"]
[EventType "swiss"]
[EventRounds "9"]
[EventCountry "GER"]
[SourceTitle "EXT 2006"]
[Source "ChessBase"]
[SourceDate "2005.11.24"]
[SourceVersion "1"]
[SourceVersionDate "2005.11.24"]
[SourceQuality "1"]

1. e4 c5 2. Nf3 Nc6 3. d4 cxd4 4. Nxd4 Qb6 5. Nxc6 bxc6 6. Bd3 g6 7. 0-0 Bg7 8. c3 d6 9. Qc2 Rb8 10. Nd2 Nf6 11. Nb3 0-0 12. Be3 Qc7 13. f3 c5 14. Bc4 Nd7 15. f4 Nb6 16. Be2 Na4 17. Rab1 d5 18. Bf3 dxe4 19. Bxe4 c4 20. Nd4 Nc5 21. f5 Nxe4 22. Qxe4 Be5 23. Qh4 Bb7 24. Nf3 Bf6 25. Ng5 h5 26. fxg6 fxg6 27. Qh3 Qa5 28. Qe6+ Kh8 29. Rxf6 exf6 30. Nf7+ Kh7 31. Qxf6 Qf5 32. Ng5+ Kg8 33. Qxf5 Rxf5 34. Rd1 Re8 35. Bc1 Re2 36. Nf3 Rxg2+ 37. Kxg2 Bxf3+ 38. Kg3 Bxd1 0-1

[Event "GER-chA Seniors 16th"]
[Site "Templin"]
[Date "2004.09.09"]
[Round "6"]
[White "Dahlhaus, Friedhelm"]
[Black "Knebel, Willi"]
[Result "1-0"]
[WhiteElo "2151"]
[BlackElo "2071"]
[PlyCount "72"]
[EventDate "2004.09.04"]
[EventType "swiss"]
[EventRounds "9"]
[EventCountry "GER"]
[SourceTitle "EXT 2005"]
[Source "ChessBase"]
[SourceDate "2004.11.15"]
[SourceVersion "1"]
[SourceVersionDate "2004.11.15"]
[SourceQuality "1"]

1. e4 d6 2. d4 Nf6 3. Nc3 g6 4. f4 Bg7 5. Nf3 0-0 6. Bd3 c5 7. dxc5 Qa5 8. Qe2 Qxc5 9. Be3 Qa5 10. 0-0 Nc6 11. Kh1 Bg4 12. h3 Nh5 13. Qe1 Bxf3 14. Rxf3 e6 15. Nb5 Qd8 16. c3 a6 17. Na3 b5 18. Nc2 Qe7 19. Qf2 g5 20. Nd4 Nxd4 21. cxd4 gxf4 22. Bxf4 Nxf4 23. Rxf4 e5 24. Rh4 Rac8 25. Rf1 Rc7 26. Rh5 Qe6 27. d5 Qg6 28. Qh4 f6 29. Rf3 f5 30. Rg5 Qe8 31. Rgxf5 Rcf7 32. Rxf7 Rxf7 33. Rxf7 Qxf7 34. Qg4 Qe8 35. b4 h5 36. Qg5 Qf7 1-0

[Event "Mecklenburg VP-ch Seniors 03rd"]
[Site "Plau am See"]
[Date "2003.10.13"]
[Round "8"]
[White "Knebel, Willi"]
[Black "Doehner, Hans Juergen"]
[Result "0-1"]
[WhiteElo "2070"]
[BlackElo "2171"]
[PlyCount "58"]
[EventDate "2003.10.??"]
[EventType "swiss"]
[EventRounds "9"]
[EventCountry "GER"]
[SourceTitle "EXT 2006"]
[Source "ChessBase"]
[SourceDate "2005.11.24"]
[SourceVersion "1"]
[SourceVersionDate "2005.11.24"]
[SourceQuality "1"]

1. e4 e5 2. Nf3 Nc6 3. c3 d6 4. d4 Be7 5. Be3 Nf6 6. Bd3 0-0 7. h3 exd4 8. Nxd4 Ne5 9. Bc2 Nc4 10. Bc1 c5 11. Nf3 Qb6 12. b3 Ne5 13. 0-0 Qc6 14. Re1 b5 15. Bf4 Ng6 16. Bh2 Bb7 17. Nfd2 Rae8 18. f3 Nh5 19. Nf1 Ngf4 20. Nbd2 Bf6 21. Re3 b4 22. Nc4 Bxc3 23. Rxc3 bxc3 24. Na5 Qb6 25. Nxb7 c4+ 26. Kh1 Qf2 27. Bxf4 Nxf4 28. Ne3 Qxe3 29. Qxd6 Re6 0-1

[Event "Mecklenburg VP-ch Seniors 03rd"]
[Site "Plau am See"]
[Date "2003.10.09"]
[Round "4"]
[White "Knebel, Willi"]
[Black "Rosen, Willy"]
[Result "0-1"]
[WhiteElo "2070"]
[BlackElo "2277"]
[PlyCount "56"]
[EventDate "2003.10.??"]
[EventType "swiss"]
[EventRounds "9"]
[EventCountry "GER"]
[SourceTitle "EXT 2006"]
[Source "ChessBase"]
[SourceDate "2005.11.24"]
[SourceVersion "1"]
[SourceVersionDate "2005.11.24"]
[SourceQuality "1"]

1. e4 c5 2. Nf3 e6 3. d4 cxd4 4. Nxd4 Nf6 5. Nc3 d6 6. g4 Nc6 7. g5 Nd7 8. Be3 Nb6 9. Qd2 Ne5 10. b3 Be7 11. Rg1 Bd7 12. f4 Ng6 13. Ndb5 Nc8 14. 0-0-0 Qa5 15. Kb1 a6 16. Nd4 d5 17. exd5 Bb4 18. dxe6 fxe6 19. Nde2 Nd6 20. Qd4 0-0 21. Na4 Bxa4 22. bxa4 Nb5 23. Qe4 Na3+ 24. Kb2 Rac8 25. c3 Nc4+ 26. Kb3 b5 27. Qxe6+ Kh8 28. axb5 Qa3+ 0-1

[Event "Lipperland Seniors op 2nd"]
[Site "Doerentrup"]
[Date "2003.06.06"]
[Round "9.5"]
[White "Knebel, Willi"]
[Black "Heslenfeld, Peter Hermann"]
[Result "1-0"]
[WhiteElo "1893"]
[BlackElo "2114"]
[PlyCount "59"]
[EventDate "2003.05.30"]
[EventType "swiss"]
[EventRounds "9"]
[EventCountry "GER"]
[SourceTitle "EXT 2004"]
[Source "ChessBase"]
[SourceDate "2003.11.25"]
[SourceVersion "1"]
[SourceVersionDate "2003.11.25"]
[SourceQuality "1"]

1. e4 d5 2. exd5 Qxd5 3. Nc3 Qa5 4. d4 c6 5. Bc4 Bf5 6. Bd2 e6 7. g4 Bg6 8. Qe2 Bb4 9. Nh3 Ne7 10. Nf4 Bxc2 11. Rc1 Bg6 12. h4 h6 13. a3 Bxc3 14. Bxc3 Qc7 15. Qe3 Nd7 16. d5 e5 17. Nxg6 Nxg6 18. 0-0 c5 19. f4 0-0-0 20. f5 Ne7 21. d6 Qxd6 22. Bxf7 Qf6 23. Be6 Nc6 24. Rfd1 Kc7 25. b4 b6 26. b5 Nd4 27. Rxd4 exd4 28. Bxd4 Qxh4 29. Qf4+ Kc8 30. Bxc5 1-0

[Event "GER-ch Seniors 15th"]
[Site "Bad Wiessee"]
[Date "2003.05.18"]
[Round "9"]
[White "Knebel, Willi"]
[Black "Fels, Karl Heinz"]
[Result "1/2-1/2"]
[WhiteElo "2081"]
[BlackElo "1837"]
[PlyCount "48"]
[EventDate "2003.05.??"]
[EventType "swiss"]
[EventRounds "9"]
[EventCountry "GER"]
[SourceTitle "EXT 2006"]
[Source "ChessBase"]
[SourceDate "2005.11.24"]
[SourceVersion "1"]
[SourceVersionDate "2005.11.24"]
[SourceQuality "1"]

1. a3 Nf6 2. Nc3 d5 3. e3 e6 4. f4 c5 5. Nf3 Nc6 6. Be2 Be7 7. 0-0 a6 8. d4 b5 9. Ne5 Qc7 10. Kh1 0-0 11. Bf3 Bb7 12. Bd2 Rac8 13. Ne2 b4 14. axb4 cxb4 15. Rc1 Na5 16. b3 Nc6 17. Ng3 Nd7 18. Bg4 f5 19. Bh3 Nf6 20. Nh5 Ne4 21. g4 g6 22. Ng3 Nxd2 23. Qxd2 Nxe5 24. fxe5 Qc3 1/2-1/2

[Event "Lipperland Seniors op 1st"]
[Site "Doerentrup"]
[Date "2002.05.29"]
[Round "5"]
[White "Knebel, Willi"]
[Black "Weber, Gerhard"]
[Result "1/2-1/2"]
[WhiteElo "2098"]
[BlackElo "2115"]
[PlyCount "55"]
[EventDate "2002.05.??"]
[EventType "swiss"]
[EventRounds "9"]
[EventCountry "GER"]
[SourceTitle "EXT 2006"]
[Source "ChessBase"]
[SourceDate "2005.11.24"]
[SourceVersion "1"]
[SourceVersionDate "2005.11.24"]
[SourceQuality "1"]

1. e4 e5 2. Nf3 Nc6 3. c3 f5 4. d4 fxe4 5. Nxe5 Qf6 6. Ng4 Qg6 7. Ne3 Nf6 8. Qb3 b6 9. Na3 Bxa3 10. Qxa3 d6 11. Qb3 Bd7 12. Ba6 Na5 13. Qc2 0-0 14. d5 b5 15. g3 Ng4 16. Nxg4 Qxg4 17. a4 e3 18. f4 Nc4 19. Bxb5 Bxb5 20. axb5 Qf3 21. Rf1 Qxd5 22. b3 Nd2 23. Bxd2 exd2+ 24. Qxd2 Qxb3 25. Qa2 Qf7 26. Rf2 Rfb8 27. Qxf7+ Kxf7 28. c4 1/2-1/2

[Event "Lipperland Seniors op 1st"]
[Site "Doerentrup"]
[Date "2002.05.27"]
[Round "3"]
[White "Knebel, Willi"]
[Black "Kock, Hans Uwe"]
[Result "0-1"]
[WhiteElo "2098"]
[BlackElo "2126"]
[PlyCount "42"]
[EventDate "2002.05.??"]
[EventType "swiss"]
[EventRounds "9"]
[EventCountry "GER"]
[SourceTitle "EXT 2006"]
[Source "ChessBase"]
[SourceDate "2005.11.24"]
[SourceVersion "1"]
[SourceVersionDate "2005.11.24"]
[SourceQuality "1"]

1. e4 c6 2. d4 d5 3. exd5 cxd5 4. c4 Nf6 5. Nc3 e6 6. Nf3 Be7 7. c5 0-0 8. Bd3 b6 9. b4 a5 10. Na4 Nbd7 11. c6 Bxb4+ 12. Bd2 Bxd2+ 13. Qxd2 Ne4 14. Bxe4 dxe4 15. cxd7 Bxd7 16. Nxb6 Qxb6 17. Ng5 Bc6 18. 0-0 Rad8 19. Rfd1 h6 20. Rab1 Qa7 21. Nh3 Ba4 0-1

[Event "Lipperland Seniors op 1st"]
[Site "Doerentrup"]
[Date "2002.05.25"]
[Round "1"]
[White "Krah, Franz"]
[Black "Knebel, Willi"]
[Result "0-1"]
[WhiteElo "1642"]
[BlackElo "2098"]
[PlyCount "92"]
[EventDate "2002.05.??"]
[EventType "swiss"]
[EventRounds "9"]
[EventCountry "GER"]
[SourceTitle "EXT 2006"]
[Source "ChessBase"]
[SourceDate "2005.11.24"]
[SourceVersion "1"]
[SourceVersionDate "2005.11.24"]
[SourceQuality "1"]

1. e4 d6 2. d4 Nf6 3. Nc3 g6 4. Bc4 Bg7 5. Nge2 0-0 6. 0-0 c6 7. Ng3 b5 8. Bb3 Qb6 9. Bg5 h6 10. Be3 Ng4 11. Qd2 Nxe3 12. fxe3 e6 13. Nce2 a5 14. c3 c5 15. Rac1 Bb7 16. Rf2 a4 17. Bc2 Nc6 18. a3 Na5 19. Rb1 Nc4 20. Qc1 Rfc8 21. Nf1 h5 22. Qd1 Bh6 23. Nf4 Rc7 24. Qe2 e5 25. Nd5 Bxd5 26. exd5 cxd4 27. exd4 exd4 28. cxd4 Qxd4 29. Rd1 Qc5 30. Kh1 Nxb2 31. Re1 Nc4 32. Bxg6 Re7 33. Qf3 Ne5 34. Rxe5 dxe5 35. d6 Rea7 36. Bxf7+ Kh8 37. Qf6+ Bg7 38. Qf3 Qxd6 39. Qxh5+ Qh6 40. Qf3 Rf8 41. Qd5 Bf6 42. Rf3 Raxf7 43. Rh3 Bh4 44. Qxe5+ Kg8 45. Qd5 Qh5 46. Qa2 Qe2 0-1

[Event "GER-ch Seniors 14th"]
[Site "Freudenstadt"]
[Date "2002.??.??"]
[Round "5"]
[White "Knebel, Willi"]
[Black "Igney, Volkhard"]
[Result "0-1"]
[WhiteElo "2095"]
[BlackElo "2230"]
[PlyCount "102"]
[EventDate "2002.??.??"]
[EventType "swiss"]
[EventRounds "9"]
[EventCountry "GER"]
[SourceTitle "EXT 2003"]
[Source "ChessBase"]
[SourceDate "2002.11.25"]
[SourceVersion "1"]
[SourceVersionDate "2002.11.25"]
[SourceQuality "1"]

1. e4 c6 2. d4 d5 3. Nc3 dxe4 4. Nxe4 Nd7 5. Bd3 Ngf6 6. Ng5 e6 7. Qe2 Bd6 8. N1f3 h6 9. Ne4 Nxe4 10. Qxe4 Nf6 11. Qe2 Qc7 12. Bd2 c5 13. dxc5 Bxc5 14. 0-0-0 Nd5 15. Kb1 a6 16. g3 0-0 17. Ne5 b5 18. g4 Bd6 19. f4 Bb7 20. h4 Ne7 21. Rh3 f6 22. Ng6 Nxg6 23. Qxe6+ Kh8 24. Bxg6 Bxf4 25. Bd3 Qe5 26. Qxe5 fxe5 27. Bxf4 exf4 28. g5 Bg2 29. Rh2 f3 30. a4 bxa4 31. Bf1 Rad8 32. Bd3 a5 33. Ka2 Rd4 34. Ka3 Re8 35. g6 Kg8 36. b3 axb3 37. Kxb3 Rc8 38. c3 Rxd3 39. Rxd3 f2 40. Rd1 f1Q 41. Rxf1 Bxf1 42. Rd2 Bc4+ 43. Ka4 Ra8 44. Rd4 Ba2 45. c4 Rc8 46. c5 Kf8 47. Kb5 Ke7 48. Kb6 Be6 49. c6 Kf6 50. h5 Ke5 51. Ra4 Kd6 0-1

[Event "Ruhrgebiet VL1 0001"]
[Site "Ruhrgebiet"]
[Date "2000.09.17"]
[Round "1"]
[White "Langschmidt, Dirk"]
[Black "Knebel, Willi"]
[Result "1-0"]
[WhiteElo "1965"]
[BlackElo "1925"]
[PlyCount "73"]
[EventDate "2000.09.17"]
[EventType "team-tourn"]
[EventRounds "9"]
[EventCountry "GER"]
[SourceTitle "EXT 2023"]
[Source "ChessBase"]
[SourceDate "2022.10.05"]
[SourceVersion "1"]
[SourceVersionDate "2022.10.05"]
[SourceQuality "1"]
[WhiteTeam "Muelheim Stadtgrenze"]
[BlackTeam "Katernberg III"]
[WhiteTeamCountry "GER"]
[BlackTeamCountry "GER"]

1. e4 c5 2. Nc3 g6 3. d4 cxd4 4. Qxd4 Nf6 5. Bb5 Nc6 6. Bxc6 bxc6 7. e5 Nh5 8. Be3 Qc7 9. f4 c5 10. Qd2 Rb8 11. Rd1 Rxb2 12. Nd5 Qc6 13. Qa5 Rb7 14. Nf3 e6 15. Nc3 c4 16. a3 d5 17. g4 Nxf4 18. Bxf4 d4 19. Rxd4 Be7 20. 0-0 0-0 21. Ne4 Rb5 22. Qc3 Bb7 23. Rxc4 Qd5 24. Rd4 Qa2 25. Qa1 Qxc2 26. Nd6 Bxf3 27. Rd2 Qc5+ 28. Qd4 Qxd4+ 29. Rxd4 Rb3 30. Bh6 Rd8 31. Rf4 Bxd6 32. exd6 Be2 33. R1f2 Bc4 34. Rxf7 Rbb8 35. Rg7+ Kh8 36. Rff7 e5 37. Rxh7+ 1-0

[Event "GER-ch Seniors 12th"]
[Site "Bad Homburg"]
[Date "2000.08.04"]
[Round "7"]
[White "Knebel, Willi"]
[Black "Stimpel, Franz"]
[Result "0-1"]
[WhiteElo "2001"]
[BlackElo "2245"]
[PlyCount "46"]
[EventDate "2000.07.29"]
[EventType "swiss"]
[EventRounds "9"]
[EventCountry "GER"]
[SourceTitle "EXT 2002"]
[Source "ChessBase"]
[SourceDate "2001.11.25"]
[SourceVersion "1"]
[SourceVersionDate "2001.11.25"]
[SourceQuality "1"]

1. e4 e6 2. d4 d5 3. e5 c5 4. c3 Nc6 5. Nf3 Qb6 6. Be2 Nh6 7. a3 cxd4 8. cxd4 Nf5 9. b4 Nfxd4 10. Bb2 Nxe2 11. Qxe2 Be7 12. 0-0 0-0 13. Nbd2 Bd7 14. Kh1 Rfc8 15. Ne1 a5 16. b5 Nd4 17. Bxd4 Qxd4 18. Nef3 Qb6 19. a4 Rc2 20. Ne1 Rc3 21. f4 Rac8 22. g4 Qd4 23. Ra2 Bd8 0-1

[Event "GER-ch Seniors 12th"]
[Site "Bad Homburg"]
[Date "2000.08.03"]
[Round "6"]
[White "Kock, Hans Uwe"]
[Black "Knebel, Willi"]
[Result "0-1"]
[WhiteElo "2167"]
[BlackElo "2001"]
[PlyCount "68"]
[EventDate "2000.07.29"]
[EventType "swiss"]
[EventRounds "9"]
[EventCountry "GER"]
[SourceTitle "EXT 2002"]
[Source "ChessBase"]
[SourceDate "2001.11.25"]
[SourceVersion "1"]
[SourceVersionDate "2001.11.25"]
[SourceQuality "1"]

1. d4 Nf6 2. c4 c5 3. d5 g6 4. Nc3 Bg7 5. e4 d6 6. f4 0-0 7. Nf3 e6 8. Be2 exd5 9. e5 Ne4 10. Nxd5 dxe5 11. fxe5 Nc6 12. Bd3 f5 13. exf6 Nxf6 14. Nxf6+ Rxf6 15. Bg5 Re6+ 16. Kf1 Qf8 17. Qd2 Nd4 18. Qf2 Qd6 19. Re1 Nxf3 20. Qxf3 Bxb2 21. Be4 Bd7 22. Bf4 Be5 23. Rd1 Qe7 24. Bxb7 Rf8 25. g3 g5 26. Qd5 Bd4 27. Kg2 gxf4 28. Rhe1 Rf5 29. Rxe6 Bxe6 30. Qc6 f3+ 31. Kh1 f2 32. Kg2 Rf6 33. Qe4 f1Q+ 34. Rxf1 Bh3+ 0-1

[Event "GER-ch Seniors 12th"]
[Site "Bad Homburg"]
[Date "2000.08.01"]
[Round "4"]
[White "Szenetra, Werner"]
[Black "Knebel, Willi"]
[Result "1-0"]
[WhiteElo "2209"]
[BlackElo "2001"]
[PlyCount "43"]
[EventDate "2000.07.29"]
[EventType "swiss"]
[EventRounds "9"]
[EventCountry "GER"]
[SourceTitle "EXT 2002"]
[Source "ChessBase"]
[SourceDate "2001.11.25"]
[SourceVersion "1"]
[SourceVersionDate "2001.11.25"]
[SourceQuality "1"]

1. d4 Nf6 2. Nc3 c5 3. d5 g6 4. e4 d6 5. f3 Bg7 6. Be3 0-0 7. Qd2 Re8 8. Bh6 e6 9. Bxg7 Kxg7 10. dxe6 fxe6 11. 0-0-0 Nc6 12. Bb5 Nd4 13. Bxe8 Nxe8 14. Nge2 e5 15. Nxd4 exd4 16. Ne2 Be6 17. Kb1 b5 18. h4 h6 19. c3 dxc3 20. Nxc3 b4 21. Nd5 a5 22. Nf4 1-0